| 000 | 00777nam a2200217 u 4500 | ||
|---|---|---|---|
| 001 | 000046604 | ||
| 005 | 20201002053008.0 | ||
| 008 | 170125s2010 sp c r 000 0 spa d | ||
| 020 | _a9788430607952 | ||
| 040 |
_aDO-SdBNP _bspa _cBNPHU |
||
| 082 |
_a923.1 _bI74B |
||
| 100 | 1 |
_aBurdiel, Isabel _d1958- _974592 |
|
| 245 | 1 | 0 |
_aIsabel II : _buna biografía (1830-1904) / _cIsabel Burdiel. |
| 260 |
_aMadrid : _bSantillana, _c2010. |
||
| 300 |
_a943 p., [28] p. de lám. ; _c25 cm. |
||
| 490 | 1 | _aMemorias y biografías /Taurus | |
| 500 | _aÍndice onomástico | ||
| 600 | 1 | 4 |
_aISABEL _bII, _cREINA DE ESPAÑA _d1833-1904. _vBIOGRAFÍAS _974593 |
| 600 | 1 | 4 |
_aISABEL _bII _cLA CATÓLICA, REINA DE ESPAÑA, _d1451-1504 _vBIOGRAFÍAS _974594 |
| 830 | 0 |
_aMemorias y biografías /Taurus _974595 |
|
| 999 |
_c46093 _d46093 |
||